[Event "FRA-chT2 0910"]
[Site "France"]
[Date "2009.10.18"]
[Round "3.7"]
[White "Sion, Philippe"]
[Black "Accettone, Gregory"]
[Result "1/2-1/2"]
[WhiteElo "1993"]
[BlackElo "1720"]
[PlyCount "58"]
[EventDate "2009.09.27"]
[EventType "team-tourn"]
[EventRounds "11"]
[EventCountry "FRA"]
[SourceTitle "EXT 2011"]
[Source "ChessBase"]
[SourceDate "2010.11.26"]
[SourceVersion "1"]
[SourceVersionDate "2010.11.26"]
[SourceQuality "1"]

1. c4 e5 2. Nc3 Nf6 3. Nf3 e4 4. Ng5 b5 5. b3 Bb7 6. Qc2 Nc6 7. Ngxe4 Be7 8. Bb2 0-0 9. d3 bxc4 10. dxc4 Nb4 11. Nxf6+ Bxf6 12. Qd2 d5 13. cxd5 Nxd5 14. Nxd5 Bxb2 15. Qxb2 Qxd5 16. Rd1 Qc5 17. e3 Rfd8 18. Bc4 Rxd1+ 19. Kxd1 Bxg2 20. Rg1 Bf3+ 21. Kc1 g6 22. Rg3 Bc6 23. Qc2 Qa3+ 24. Kb1 Bb7 25. h4 Re8 26. h5 Be4 27. Bd3 Bxd3 28. Qxd3 Qa5 29. Qd1 Qf5+ 1/2-1/2

[Event "Bethune op-B 24th"]
[Site "Bethune"]
[Date "2003.12.27"]
[Round "2"]
[White "Dubois, Philippe"]
[Black "Accettone, Gregory"]
[Result "1/2-1/2"]
[WhiteElo "1620"]
[BlackElo "1510"]
[PlyCount "30"]
[EventDate "2003.12.26"]
[EventType "swiss"]
[EventRounds "9"]
[EventCountry "FRA"]
[SourceTitle "EXT 2005"]
[Source "ChessBase"]
[SourceDate "2004.11.15"]
[SourceVersion "1"]
[SourceVersionDate "2004.11.15"]
[SourceQuality "1"]

1. e4 e5 2. Nf3 Nc6 3. Bb5 f5 4. exf5 e4 5. Bxc6 dxc6 6. Qe2 Qe7 7. Nd4 Qe5 8. c3 Nf6 9. d3 Bxf5 10. Nd2 Bd6 11. Nc4 Qd5 12. Nxd6+ cxd6 13. Nxf5 Qxf5 14. dxe4 Qxe4 15. Qxe4+ Nxe4 1/2-1/2

[Event "Bethune op-B 23th"]
[Site "Bethune"]
[Date "2002.12.28"]
[Round "4"]
[White "Poslednik, Patrick"]
[Black "Accettone, Gregory"]
[Result "1/2-1/2"]
[WhiteElo "1570"]
[BlackElo "1410"]
[PlyCount "62"]
[EventDate "2002.12.26"]
[EventType "swiss"]
[EventRounds "7"]
[EventCountry "FRA"]
[SourceTitle "CBM 091 Extra"]
[Source "ChessBase"]
[SourceDate "2003.01.09"]
[SourceVersion "1"]
[SourceVersionDate "2003.01.09"]
[SourceQuality "1"]

1. e4 c6 2. d4 d5 3. e5 Bf5 4. Bd3 Bxd3 5. Qxd3 e6 6. Nf3 Qb6 7. a4 Ne7 8. a5 Qa6 9. Qxa6 Nxa6 10. c3 c5 11. Na3 Nc6 12. Nb5 cxd4 13. Nbxd4 Nxd4 14. Nxd4 Nc7 15. b4 Be7 16. f4 0-0 17. 0-0 Rac8 18. f5 Rfe8 19. fxe6 Nxe6 20. Nxe6 fxe6 21. Bd2 a6 22. Rf3 Rf8 23. Raf1 Rxf3 24. Rxf3 Rf8 25. Kf2 Rxf3+ 26. Kxf3 Kf7 27. g4 Bh4 28. h3 Ke7 29. g5 Kd7 30. Kg4 Bf2 31. h4 g6 1/2-1/2